[Event "British Columbia-ch Seniors"]
[Site "Victoria CAN"]
[Date "2017.06.17"]
[Round "2.4"]
[White "Du Buf, Paul"]
[Black "Tate, Bill"]
[Result "1-0"]
[WhiteElo "2037"]
[BlackElo "1696"]
[WhiteFideId "-1"]
[WhiteFideId "-1"]
[PlyCount "77"]
[GameId "2160767908411131"]
[EventDate "2017.06.16"]
[EventType "swiss"]
[EventRounds "5"]
[EventCountry "CAN"]
[SourceTitle "EXT 2022"]
[Source "ChessBase"]
[SourceDate "2021.10.06"]
[SourceVersion "1"]
[SourceVersionDate "2021.10.06"]
[SourceQuality "1"]

1. e4 e6 2. c4 c5 3. Nc3 Nc6 4. f4 d6 5. Nf3 g6 6. Be2 Bg7 7. d3 Nge7 8. Be3 a6 9. Qd2 Rb8 10. O-O Nd4 11. Kh1 b5 12. Rae1 O-O 13. Bd1 Qb6 14. cxb5 axb5 15. Qf2 Nxf3 16. Bxf3 Bd7 17. Qh4 Nc6 18. f5 Qd8 19. Bg5 f6 20. fxg6 hxg6 21. Bc1 b4 22. Nd1 Kf7 23. Qg3 Ne5 24. Be2 Ke7 25. Ne3 Qe8 26. Nc2 Bb5 27. b3 Rh8 28. d4 cxd4 29. Nxd4 Bxe2 30. Rxe2 Rc8 31. Bb2 g5 32. a3 Qh5 33. axb4 Qh4 34. Qxh4 Rxh4 35. Ra1 Rc7 36. b5 Rb7 37. Ra6 Nd7 38. Nc6+ Ke8 39. Ra8+ 1-0

[Event "British Columbia-ch Seniors"]
[Site "Victoria CAN"]
[Date "2017.06.17"]
[Round "2.5"]
[White "Soliven, Joe"]
[Black "Harris, Philip"]
[Result "1-0"]
[WhiteElo "2009"]
[BlackElo "1688"]
[WhiteFideId "-1"]
[WhiteFideId "-1"]
[PlyCount "77"]
[GameId "2160767908411133"]
[EventDate "2017.06.16"]
[EventType "swiss"]
[EventRounds "5"]
[EventCountry "CAN"]
[SourceTitle "EXT 2022"]
[Source "ChessBase"]
[SourceDate "2021.10.06"]
[SourceVersion "1"]
[SourceVersionDate "2021.10.06"]
[SourceQuality "1"]

1. Nf3 Nf6 2. b3 e6 3. Bb2 d5 4. e3 Be7 5. Nc3 O-O 6. Rc1 Nbd7 7. Ne2 b6 8. Ned4 Bb7 9. c4 c5 10. Nb5 a6 11. Na3 Rc8 12. Rc2 Bd6 13. Qa1 Qe7 14. d3 Rfe8 15. Be2 d4 16. e4 e5 17. Bc1 Nf8 18. Bg5 Ne6 19. h4 h6 20. Bd2 Rcd8 21. Qc1 Qf8 22. Rb2 Bc6 23. Nc2 Bc7 24. Rg1 Nf4 25. Bf1 Bd7 26. g3 Ng6 27. b4 Bg4 28. Nh2 Bc8 29. Be2 Nxe4 30. dxe4 d3 31. Ne3 dxe2 32. Nd5 Qd6 33. h5 Nf8 34. g4 f6 35. Nf3 Ne6 36. Nh4 Nd4 37. Rg3 Kf7 38. Nf5 Rh8 39. Nxd6+ 1-0

[Event "British Columbia-ch Seniors"]
[Site "Victoria CAN"]
[Date "2017.06.17"]
[Round "3.1"]
[White "Gansvind, Valeriya"]
[Black "Soliven, Joe"]
[Result "1-0"]
[WhiteElo "2224"]
[BlackElo "2009"]
[WhiteFideId "-1"]
[WhiteFideId "-1"]
[PlyCount "133"]
[GameId "2160767908411134"]
[EventDate "2017.06.16"]
[EventType "swiss"]
[EventRounds "5"]
[EventCountry "CAN"]
[SourceTitle "EXT 2022"]
[Source "ChessBase"]
[SourceDate "2021.10.06"]
[SourceVersion "1"]
[SourceVersionDate "2021.10.06"]
[SourceQuality "1"]

1. d4 f5 2. Bg5 Nf6 3. Bxf6 exf6 4. e3 Bb4+ 5. c3 Be7 6. Bd3 d5 7. Qf3 g6 8. h4 Qd7 9. Ne2 c6 10. Ng3 h5 11. Nd2 b5 12. Ne2 Kf7 13. a4 b4 14. c4 Bb7 15. cxd5 cxd5 16. Nf4 Na6 17. Bb5 Qd6 18. Nb3 Rac8 19. O-O Nc7 20. Nc5 Rb8 21. Nxb7 Rxb7 22. Bd3 Rb6 23. Rac1 Rc6 24. Bc2 Qd7 25. Bb3 Rd8 26. Qe2 Bf8 27. Nd3 a5 28. Rxc6 Qxc6 29. Rc1 Qb6 30. Nf4 Bh6 31. Nxh5 Ne6 32. Rd1 Qc7 33. Ng3 f4 34. Nf1 Qd7 35. Qf3 Qd6 36. g3 fxg3 37. Nxg3 Kg7 38. Qg2 Kf7 39. Qf3 Kg7 40. Kg2 f5 41. Ne2 f4 42. e4 dxe4 43. Qxe4 f3+ 44. Qxf3 Rf8 45. Qd5 Nf4+ 46. Nxf4 Qxf4 47. Qe5+ Kh7 48. Qxf4 Bxf4 49. Re1 Rd8 50. d5 Kg7 51. Bc4 Bd6 52. Re6 Bc5 53. Rc6 Bd4 54. b3 Kf7 55. Ra6 Bf6 56. Rxa5 Bc3 57. Ra7+ Kf6 58. Ra6+ Kf5 59. Re6 g5 60. h5 Kg4 61. h6 Rf8 62. a5 Kh5 63. a6 Bd4 64. f3 g4 65. Be2 Kh4 66. h7 g3 67. Re4+ 1-0

[Event "British Columbia-ch Seniors"]
[Site "Victoria CAN"]
[Date "2017.06.17"]
[Round "3.2"]
[White "McLaren, Brian"]
[Black "Brown, Rod"]
[Result "1-0"]
[WhiteElo "2156"]
[BlackElo "1815"]
[WhiteFideId "-1"]
[WhiteFideId "-1"]
[PlyCount "121"]
[GameId "2160767908411135"]
[EventDate "2017.06.16"]
[EventType "swiss"]
[EventRounds "5"]
[EventCountry "CAN"]
[SourceTitle "EXT 2022"]
[Source "ChessBase"]
[SourceDate "2021.10.06"]
[SourceVersion "1"]
[SourceVersionDate "2021.10.06"]
[SourceQuality "1"]

1. e4 c5 2. Nc3 Nc6 3. g3 g6 4. Bg2 Bg7 5. d3 d6 6. Nge2 Bg4 7. h3 Bxe2 8. Nxe2 e6 9. O-O Nge7 10. c3 O-O 11. Be3 b6 12. d4 cxd4 13. Nxd4 Rc8 14. Qd2 Nxd4 15. Bxd4 Nc6 16. Bxg7 Kxg7 17. Rfd1 Ne5 18. Qxd6 Nc4 19. Qb4 Qc7 20. b3 Ne5 21. c4 Nc6 22. Qc3+ e5 23. Rd5 Nd4 24. Qd2 Qe7 25. Rf1 f6 26. f4 Rc6 27. h4 Rc7 28. g4 h6 29. g5 hxg5 30. fxe5 fxe5 31. Rxf8 Kxf8 32. Qxg5 Qxg5 33. hxg5 Re7 34. Kf2 Kf7 35. Bh3 Re8 36. c5 bxc5 37. Rxc5 Re7 38. b4 Re8 39. a4 Nb3 40. Rc3 Nd4 41. b5 Re7 42. Bg4 Ke8 43. Ke3 Kf7 44. Kd3 Ke8 45. Rc5 Nb3 46. Rc8+ Kf7 47. Kc4 Na5+ 48. Kd5 Nb7 49. Rc6 Nd8 50. Rd6 Nb7 51. Rd7 Ke8 52. Rxe7+ Kxe7 53. Kxe5 Nc5 54. a5 Nb3 55. b6 Nxa5 56. bxa7 Nc6+ 57. Kd5 Nxa7 58. Kc5 Kd8 59. Kb6 Nc8+ 60. Bxc8 Kxc8 61. Kc6 1-0

[Event "British Columbia-ch Seniors"]
[Site "Victoria CAN"]
[Date "2017.06.17"]
[Round "3.3"]
[White "Haines, Duncan"]
[Black "Leblanc, Paul"]
[Result "1/2-1/2"]
[WhiteElo "1803"]
[BlackElo "1662"]
[WhiteFideId "-1"]
[WhiteFideId "-1"]
[PlyCount "96"]
[GameId "2160767908411136"]
[EventDate "2017.06.16"]
[EventType "swiss"]
[EventRounds "5"]
[EventCountry "CAN"]
[SourceTitle "EXT 2022"]
[Source "ChessBase"]
[SourceDate "2021.10.06"]
[SourceVersion "1"]
[SourceVersionDate "2021.10.06"]
[SourceQuality "1"]

1. d4 d5 2. Nf3 Nf6 3. c4 c6 4. Nc3 a6 5. e3 Bf5 6. Be2 e6 7. Nh4 Be4 8. Nxe4 Nxe4 9. Nf3 Nd7 10. O-O Bd6 11. Nd2 f5 12. Nxe4 fxe4 13. f4 exf3 14. Rxf3 Nf6 15. Bd2 Qc7 16. g3 O-O-O 17. c5 Be7 18. b4 h5 19. Bd3 h4 20. Be1 g5 21. Qe2 Rdf8 22. a4 Ne4 23. Rxf8+ Rxf8 24. Bxe4 dxe4 25. Qg4 Qd7 26. Qxe4 Qd5 27. Qxd5 exd5 28. Kg2 Kd7 29. Ra2 Ke6 30. g4 Bd8 31. Rf2 Rxf2+ 32. Bxf2 Bf6 33. h3 Bg7 34. Bg1 Bf6 35. Bh2 Bg7 36. Kf3 Bf6 37. Ke2 Bg7 38. Kd3 Bf6 39. Kc3 Bg7 40. b5 axb5 41. axb5 Bf6 42. Kb4 Kd7 43. bxc6+ bxc6 44. Kc3 Ke6 45. Kd3 Bg7 46. Bc7 Bf6 47. e4 dxe4+ 48. Kxe4 Be7 1/2-1/2

[Event "British Columbia-ch Seniors"]
[Site "Victoria CAN"]
[Date "2017.06.17"]
[Round "3.4"]
[White "Monkhouse, Neale"]
[Black "Patterson, Roger"]
[Result "0-1"]
[WhiteElo "1845"]
[BlackElo "2161"]
[WhiteFideId "-1"]
[WhiteFideId "-1"]
[PlyCount "78"]
[GameId "2160767908411137"]
[EventDate "2017.06.16"]
[EventType "swiss"]
[EventRounds "5"]
[EventCountry "CAN"]
[SourceTitle "EXT 2022"]
[Source "ChessBase"]
[SourceDate "2021.10.06"]
[SourceVersion "1"]
[SourceVersionDate "2021.10.06"]
[SourceQuality "1"]

1. e4 e5 2. Nf3 Nc6 3. Bc4 Bc5 4. c3 Nf6 5. d3 a6 6. Bb3 d6 7. Nbd2 Be6 8. Nf1 d5 9. Qe2 O-O 10. h3 h6 11. Ng3 Re8 12. O-O Qd7 13. Bc2 b5 14. b3 Rad8 15. Bb2 dxe4 16. dxe4 Bxh3 17. Rfd1 Qe6 18. gxh3 Qxh3 19. Nf5 Ng4 20. Ne3 Re6 21. Rxd8+ Nxd8 22. Nxg4 Qxg4+ 23. Kf1 Rf6 24. Bd1 Ne6 25. Bc1 Nf4 26. Bxf4 Rxf4 27. Qd3 Qh3+ 28. Ke1 Qg2 29. Kd2 Qxf2+ 30. Be2 Rf6 31. Rf1 Qg3 32. Qd8+ Bf8 33. Qxc7 Qf4+ 34. Kc2 Qe3 35. Bd1 Qxe4+ 36. Kb2 Qd3 37. Rg1 Rxf3 38. Bxf3 Qxf3 39. Qb6 Qe2+ 0-1

[Event "British Columbia-ch Seniors"]
[Site "Victoria CAN"]
[Date "2017.06.17"]
[Round "3.5"]
[White "Boyle, Phillip"]
[Black "O'Brien, Frank"]
[Result "0-1"]
[WhiteElo "1613"]
[BlackElo "1788"]
[WhiteFideId "-1"]
[WhiteFideId "-1"]
[PlyCount "50"]
[GameId "2160767908411138"]
[EventDate "2017.06.16"]
[EventType "swiss"]
[EventRounds "5"]
[EventCountry "CAN"]
[SourceTitle "EXT 2022"]
[Source "ChessBase"]
[SourceDate "2021.10.06"]
[SourceVersion "1"]
[SourceVersionDate "2021.10.06"]
[SourceQuality "1"]

1. c4 Nf6 2. g3 g6 3. Nc3 Bg7 4. Bg2 O-O 5. e4 d6 6. Nge2 e5 7. O-O Nc6 8. d3 Ne8 9. f4 f5 10. Nd5 Ne7 11. Nxe7+ Qxe7 12. Rb1 fxe4 13. Bxe4 Nf6 14. Bg2 c6 15. fxe5 dxe5 16. b4 Bf5 17. Be3 Rfd8 18. Rb3 Ng4 19. Bc5 Qd7 20. Nc1 Bh6 21. Re1 b6 22. Bf2 Nxf2 23. Kxf2 Qd4+ 24. Kf1 Rf8 25. Bf3 Bh3+ 0-1

[Event "British Columbia-ch Seniors"]
[Site "Victoria CAN"]
[Date "2017.06.18"]
[Round "4.1"]
[White "McLaren, Brian"]
[Black "Gansvind, Valeriya"]
[Result "1/2-1/2"]
[WhiteElo "2156"]
[BlackElo "2224"]
[WhiteFideId "-1"]
[WhiteFideId "-1"]
[PlyCount "107"]
[GameId "2160767908411139"]
[EventDate "2017.06.16"]
[EventType "swiss"]
[EventRounds "5"]
[EventCountry "CAN"]
[SourceTitle "EXT 2022"]
[Source "ChessBase"]
[SourceDate "2021.10.06"]
[SourceVersion "1"]
[SourceVersionDate "2021.10.06"]
[SourceQuality "1"]

1. e4 c5 2. Nc3 Nc6 3. g3 g6 4. Bg2 Bg7 5. d3 d6 6. Be3 Rb8 7. Qd2 b5 8. Nge2 Nd4 9. O-O Bg4 10. f3 Bd7 11. Rae1 Qc8 12. Nd1 b4 13. g4 Nxe2+ 14. Rxe2 Qa6 15. c4 Qxa2 16. h3 h5 17. Nf2 Bd4 18. Bxd4 cxd4 19. e5 d5 20. cxd5 Qxd5 21. f4 Qa5 22. g5 Bf5 23. e6 Bxe6 24. Rxe6 fxe6 25. Re1 Kf7 26. Re5 Qb6 27. Qc2 Nf6 28. gxf6 exf6 29. Rc5 Rhe8 30. Ne4 Re7 31. Rc6 Qa5 32. b3 Qa1+ 33. Kh2 Qa5 34. Qc4 Rb6 35. Nd6+ Kg7 36. Rc5 Qa6 37. Nc8 Qxc4 38. Rxc4 Reb7 39. Nxb6 Rxb6 40. Rc7+ Kh6 41. Rxa7 g5 42. fxg5+ Kxg5 43. Rd7 e5 44. Kg3 h4+ 45. Kf3 Rc6 46. Ke4 Rc3 47. Rg7+ Kh6 48. Rg4 Rxb3 49. Rxh4+ Kg6 50. Rg4+ Kf7 51. Bf3 Rc3 52. Rg2 b3 53. Rb2 f5+ 54. Kxe5 1/2-1/2

[Event "British Columbia-ch Seniors"]
[Site "Victoria CAN"]
[Date "2017.06.18"]
[Round "4.2"]
[White "Du Buf, Paul"]
[Black "Haines, Duncan"]
[Result "1-0"]
[WhiteElo "2037"]
[BlackElo "1803"]
[WhiteFideId "-1"]
[WhiteFideId "-1"]
[PlyCount "45"]
[GameId "2160767908411140"]
[EventDate "2017.06.16"]
[EventType "swiss"]
[EventRounds "5"]
[EventCountry "CAN"]
[SourceTitle "EXT 2022"]
[Source "ChessBase"]
[SourceDate "2021.10.06"]
[SourceVersion "1"]
[SourceVersionDate "2021.10.06"]
[SourceQuality "1"]

1. e4 c5 2. d4 cxd4 3. c3 dxc3 4. Nxc3 Nc6 5. Bc4 Nf6 6. Nf3 g6 7. e5 Ng4 8. Bxf7+ Kxf7 9. Ng5+ Ke8 10. Qxg4 Nxe5 11. Qe4 d6 12. O-O Qd7 13. f4 Nc6 14. Nd5 Bg7 15. Ne6 Kf7 16. f5 Kg8 17. Ndc7 Nd4 18. f6 Nxe6 19. fxg7 Kxg7 20. Nxa8 b5 21. b4 Re8 22. Bb2+ Kg8 23. Rae1 1-0

[Event "British Columbia-ch Seniors"]
[Site "Victoria CAN"]
[Date "2017.06.18"]
[Round "4.3"]
[White "Patterson, Roger"]
[Black "Harris, Philip"]
[Result "0-1"]
[WhiteElo "2161"]
[BlackElo "1688"]
[WhiteFideId "-1"]
[WhiteFideId "-1"]
[PlyCount "102"]
[GameId "2160767908411141"]
[EventDate "2017.06.16"]
[EventType "swiss"]
[EventRounds "5"]
[EventCountry "CAN"]
[SourceTitle "EXT 2022"]
[Source "ChessBase"]
[SourceDate "2021.10.06"]
[SourceVersion "1"]
[SourceVersionDate "2021.10.06"]
[SourceQuality "1"]

1. e4 e5 2. Nf3 Nc6 3. Bb5 a6 4. Ba4 Nf6 5. O-O Be7 6. Re1 b5 7. Bb3 O-O 8. c3 d6 9. h3 Nb8 10. d4 Nbd7 11. Nbd2 Bb7 12. Bc2 Re8 13. Nf1 Bf8 14. Ng3 g6 15. Bg5 Bg7 16. Qd2 Qe7 17. Rad1 Qf8 18. d5 Nc5 19. Be3 Rad8 20. b4 Ncd7 21. a4 bxa4 22. Bxa4 Ra8 23. c4 Reb8 24. Qc3 Qe7 25. c5 Nf8 26. Nd2 h5 27. Ne2 h4 28. Bg5 N8h7 29. Be3 Nh5 30. Nc4 Rf8 31. Na5 Bc8 32. Nc6 Qf6 33. Qd2 g5 34. f3 Nf4 35. Rf1 Re8 36. Ra1 Qg6 37. cxd6 cxd6 38. Na7 Rf8 39. Bc6 Rxa7 40. Bxa7 f5 41. Nc3 g4 42. exf5 Bxf5 43. fxg4 Bd3 44. Be3 Bxf1 45. Rxf1 Bh6 46. b5 axb5 47. Bxb5 Nf6 48. Ne2 Ne4 49. Qe1 Nxe2+ 50. Qxe2 Rxf1+ 51. Kxf1 Ng3+ 0-1

[Event "British Columbia-ch Seniors"]
[Site "Victoria CAN"]
[Date "2017.06.18"]
[Round "4.5"]
[White "Brown, Rod"]
[Black "Leblanc, Paul"]
[Result "0-1"]
[WhiteElo "1815"]
[BlackElo "1662"]
[WhiteFideId "-1"]
[WhiteFideId "-1"]
[PlyCount "54"]
[GameId "2160767908411143"]
[EventDate "2017.06.16"]
[EventType "swiss"]
[EventRounds "5"]
[EventCountry "CAN"]
[SourceTitle "EXT 2022"]
[Source "ChessBase"]
[SourceDate "2021.10.06"]
[SourceVersion "1"]
[SourceVersionDate "2021.10.06"]
[SourceQuality "1"]

1. e4 c6 2. d4 d5 3. e5 Bf5 4. Bd3 Bxd3 5. Qxd3 e6 6. Nf3 Nd7 7. O-O Ne7 8. c3 c5 9. Bg5 Qb6 10. Bxe7 Bxe7 11. b3 O-O 12. Nbd2 cxd4 13. cxd4 Rfc8 14. Rac1 Rc6 15. Rc2 Rac8 16. Rfc1 h6 17. Rxc6 Rxc6 18. Rc2 Qc7 19. Rxc6 bxc6 20. g3 c5 21. Kg2 cxd4 22. Qxd4 Bc5 23. Qa4 Nxe5 24. Nxe5 Qxe5 25. b4 Qd4 26. Nb3 Qxf2+ 27. Kh3 Qf1+ 0-1

[Event "British Columbia-ch Seniors"]
[Site "Victoria CAN"]
[Date "2017.06.18"]
[Round "4.9"]
[White "Lapenna, Richard"]
[Black "Tate, Bill"]
[Result "1-0"]
[WhiteElo "1749"]
[BlackElo "1696"]
[WhiteFideId "-1"]
[WhiteFideId "-1"]
[PlyCount "53"]
[GameId "2160767908411144"]
[EventDate "2017.06.16"]
[EventType "swiss"]
[EventRounds "5"]
[EventCountry "CAN"]
[SourceTitle "EXT 2022"]
[Source "ChessBase"]
[SourceDate "2021.10.06"]
[SourceVersion "1"]
[SourceVersionDate "2021.10.06"]
[SourceQuality "1"]

1. e4 c5 2. Nf3 Nc6 3. d4 cxd4 4. Nxd4 Nf6 5. Nc3 d6 6. Bc4 e6 7. O-O a6 8. Be3 Be7 9. f4 O-O 10. Qf3 Bd7 11. Rad1 Qc7 12. Bb3 Rac8 13. g4 Na5 14. g5 Nxb3 15. axb3 Ne8 16. Qh5 Qa5 17. Rf3 g6 18. Qh6 Ng7 19. Rh3 Nh5 20. Nd5 exd5 21. Rxh5 gxh5 22. f5 Kh8 23. g6 fxg6 24. fxg6 Rf7 25. Ne6 Rg8 26. Bd4+ Rf6 27. Qxh7# 1-0

[Event "British Columbia-ch Seniors"]
[Site "Victoria CAN"]
[Date "2017.06.18"]
[Round "5.1"]
[White "Gansvind, Valeriya"]
[Black "Du Buf, Paul"]
[Result "1-0"]
[WhiteElo "2224"]
[BlackElo "2037"]
[WhiteFideId "-1"]
[WhiteFideId "-1"]
[PlyCount "121"]
[GameId "2160767908411146"]
[EventDate "2017.06.16"]
[EventType "swiss"]
[EventRounds "5"]
[EventCountry "CAN"]
[SourceTitle "EXT 2022"]
[Source "ChessBase"]
[SourceDate "2021.10.06"]
[SourceVersion "1"]
[SourceVersionDate "2021.10.06"]
[SourceQuality "1"]

1. d4 Nf6 2. Bg5 Ne4 3. Bf4 d5 4. e3 Nd7 5. Bd3 Ndf6 6. f3 Nd6 7. Nd2 h5 8. c3 Bf5 9. Qc2 Bxd3 10. Qxd3 Qd7 11. h3 h4 12. Ne2 Nh5 13. Bh2 Qf5 14. Qxf5 Nxf5 15. e4 dxe4 16. fxe4 Nfg3 17. Bxg3 hxg3 18. O-O e5 19. Rf3 exd4 20. cxd4 O-O-O 21. Rxf7 Bb4 22. Nb3 Rhf8 23. Raf1 Rxf7 24. Rxf7 Be1 25. Kf1 Bf2 26. e5 b6 27. Rxf2 gxf2 28. g4 Rf8 29. gxh5 Rf3 30. Nd2 Rxh3 31. Kxf2 Rxh5 32. Nf3 Kd7 33. Ng3 Rh8 34. Ke3 c6 35. Ng5 Rh2 36. Ne2 a5 37. Nf3 Rh1 38. Nc3 b5 39. a3 Ra1 40. Ne4 Ke7 41. Nc5 Rh1 42. Nd3 Rh3 43. Ke4 Rg3 44. Nde1 Ke6 45. Kf4 Rg6 46. Ng5+ Kd5 47. Nef3 b4 48. axb4 axb4 49. Nh4 Rh6 50. Nf5 Rh1 51. Nf3 Rb1 52. Ne7+ Ke6 53. Nxc6 Rxb2 54. Ke3 Rb3+ 55. Ke4 Rxf3 56. d5+ Kd7 57. e6+ Kd6 58. Kxf3 b3 59. Nd4 b2 60. Nb5+ Kxd5 61. e7 1-0

[Event "British Columbia-ch Seniors"]
[Site "Victoria CAN"]
[Date "2017.06.18"]
[Round "5.2"]
[White "Harris, Philip"]
[Black "McLaren, Brian"]
[Result "0-1"]
[WhiteElo "1688"]
[BlackElo "2156"]
[WhiteFideId "-1"]
[WhiteFideId "-1"]
[PlyCount "94"]
[GameId "2160767908411147"]
[EventDate "2017.06.16"]
[EventType "swiss"]
[EventRounds "5"]
[EventCountry "CAN"]
[SourceTitle "EXT 2022"]
[Source "ChessBase"]
[SourceDate "2021.10.06"]
[SourceVersion "1"]
[SourceVersionDate "2021.10.06"]
[SourceQuality "1"]

1. d4 f5 2. c4 e6 3. Nf3 Nf6 4. Nc3 d5 5. Bg5 c6 6. e3 Bd6 7. Qc2 O-O 8. Be2 Qe8 9. O-O Ne4 10. Bf4 Be7 11. Bxb8 Rxb8 12. Ne5 Nd6 13. Qd2 Bf6 14. b3 Kh8 15. Rac1 Nf7 16. f4 Rg8 17. Kh1 Bd7 18. Rg1 Rd8 19. c5 Nxe5 20. dxe5 Be7 21. Qd4 Qf8 22. b4 g5 23. g4 fxg4 24. Bxg4 Qh6 25. Rcf1 Rdf8 26. Ne2 Be8 27. Rg3 Bg6 28. Nc3 gxf4 29. exf4 Bf5 30. Rfg1 Rxg4 31. Rxg4 Bxg4 32. Rxg4 Qh3 33. Rg2 Qf3 34. Ne2 Bh4 35. Kg1 Be1 36. b5 cxb5 37. c6 bxc6 38. Qxa7 Rg8 39. Rxg8+ Kxg8 40. Ng3 Bxg3 41. Qa8+ Kg7 42. hxg3 Qxg3+ 43. Kh1 Qf3+ 44. Kg1 Qe3+ 45. Kh1 Qe4+ 46. Kg1 d4 47. Qe8 Qg6+ 0-1

[Event "British Columbia-ch Seniors"]
[Site "Victoria CAN"]
[Date "2017.06.18"]
[Round "5.3"]
[White "Leblanc, Paul"]
[Black "Soliven, Joe"]
[Result "1-0"]
[WhiteElo "1662"]
[BlackElo "2009"]
[WhiteFideId "-1"]
[WhiteFideId "-1"]
[PlyCount "125"]
[GameId "2160767908411148"]
[EventDate "2017.06.16"]
[EventType "swiss"]
[EventRounds "5"]
[EventCountry "CAN"]
[SourceTitle "EXT 2022"]
[Source "ChessBase"]
[SourceDate "2021.10.06"]
[SourceVersion "1"]
[SourceVersionDate "2021.10.06"]
[SourceQuality "1"]

1. d4 e6 2. e4 c5 3. c3 d5 4. e5 f5 5. f4 Qd7 6. Nf3 b6 7. Bd3 Ba6 8. Bxa6 Nxa6 9. Qe2 Nc7 10. Nbd2 Rb8 11. a4 Be7 12. Nf1 Rc8 13. Ne3 Nh6 14. Bd2 O-O 15. h3 Kh8 16. O-O Nf7 17. g4 g6 18. g5 Nd8 19. Kf2 Nc6 20. h4 Na5 21. Rh1 Kg7 22. h5 Rh8 23. Rh3 Nb3 24. Rah1 Qxa4 25. Kg3 cxd4 26. cxd4 Nxd2 27. Qxd2 Rcg8 28. Qh2 Qe8 29. hxg6 hxg6 30. Rh7+ Rxh7 31. Qxh7+ Kf8 32. Qh6+ Kf7 33. Qh7+ Rg7 34. Qh2 Qa4 35. Rc1 Nb5 36. Rc8 Nxd4 37. Qh8 Ne2+ 38. Kf2 Nxf4 39. Rc7 Nh5 40. Nxf5 exf5 41. e6+ Kxe6 42. Qc8+ Kd6 43. Rc3 Bxg5 44. Qb8+ Ke6 45. Qe5+ Kd7 46. Qxd5+ Ke8 47. Rc8+ Ke7 48. Qd8+ Ke6 49. Nxg5+ Ke5 50. Nf3+ Ke4 51. Nd2+ Ke5 52. Nc4+ Ke4 53. Nd2+ Ke5 54. Nf3+ Ke4 55. Rc4+ Qxc4 56. Nd2+ Ke5 57. Nxc4+ Ke4 58. Qd6 f4 59. Qe5+ Kd3 60. Qd5+ Kc2 61. Qd2+ Kb3 62. Qc3+ Ka4 63. Nd6 1-0

[Event "British Columbia-ch Seniors"]
[Site "Victoria CAN"]
[Date "2017.06.18"]
[Round "5.4"]
[White "Forman, Ken"]
[Black "Richardson, Ross"]
[Result "1/2-1/2"]
[WhiteElo "1634"]
[BlackElo "1711"]
[WhiteFideId "-1"]
[WhiteFideId "-1"]
[PlyCount "48"]
[GameId "2160767908411149"]
[EventDate "2017.06.16"]
[EventType "swiss"]
[EventRounds "5"]
[EventCountry "CAN"]
[SourceTitle "EXT 2022"]
[Source "ChessBase"]
[SourceDate "2021.10.06"]
[SourceVersion "1"]
[SourceVersionDate "2021.10.06"]
[SourceQuality "1"]

1. Nf3 d5 2. b3 e6 3. Bb2 f5 4. e3 Nf6 5. Ne5 Bd6 6. Be2 O-O 7. O-O b6 8. d3 Bb7 9. Nd2 c5 10. c4 Nbd7 11. d4 Ne4 12. Ndf3 Rc8 13. Rc1 Bxe5 14. dxe5 g5 15. Nd2 Qe7 16. Nxe4 dxe4 17. h3 f4 18. Bg4 Qf7 19. Bh5 Qe7 20. Bg4 f3 21. Qd6 Qxd6 22. exd6 Rce8 23. Bh5 Rd8 24. Bg4 Rde8 1/2-1/2

[Event "British Columbia-ch Seniors"]
[Site "Victoria CAN"]
[Date "2017.06.18"]
[Round "5.5"]
[White "Monkhouse, Neale"]
[Black "Haines, Duncan"]
[Result "1/2-1/2"]
[WhiteElo "1845"]
[BlackElo "1803"]
[WhiteFideId "-1"]
[WhiteFideId "-1"]
[PlyCount "84"]
[GameId "2160767908411150"]
[EventDate "2017.06.16"]
[EventType "swiss"]
[EventRounds "5"]
[EventCountry "CAN"]
[SourceTitle "EXT 2022"]
[Source "ChessBase"]
[SourceDate "2021.10.06"]
[SourceVersion "1"]
[SourceVersionDate "2021.10.06"]
[SourceQuality "1"]

1. e4 e6 2. d3 d5 3. Nd2 Nf6 4. g3 Nc6 5. Bg2 dxe4 6. dxe4 e5 7. Ngf3 Bc5 8. O-O O-O 9. h3 Qe7 10. c3 a5 11. a4 Rd8 12. Qc2 b6 13. Re1 Ba6 14. Bf1 Bxf1 15. Nxf1 Qd7 16. Kg2 Qd3 17. Qxd3 Rxd3 18. Bg5 Nd7 19. Rad1 Rxd1 20. Rxd1 Bd6 21. N1d2 f6 22. Be3 Kf7 23. Nc4 Ke7 24. Nfd2 Nc5 25. Nxd6 cxd6 26. Bxc5 bxc5 27. Nc4 Rd8 28. f4 g6 29. Kf3 Ke6 30. Ke3 h6 31. h4 d5 32. exd5+ Rxd5 33. Rxd5 Kxd5 34. Nb6+ Ke6 35. Kf3 f5 36. fxe5 Nxe5+ 37. Ke3 g5 38. hxg5 hxg5 39. b3 Kd6 40. Nc8+ Kd7 41. Nb6+ Kc6 42. Nc8 Kd7 1/2-1/2

[Event "British Columbia-ch U20"]
[Site "Richmond CAN"]
[Date "2017.11.11"]
[Round "1.1"]
[White "Doknjas, John"]
[Black "Chung, Alec"]
[Result "1-0"]
[WhiteElo "2276"]
[BlackElo "1791"]
[WhiteFideId "-1"]
[WhiteFideId "-1"]
[PlyCount "81"]
[GameId "2160767908308954"]
[EventDate "2017.11.11"]
[EventType "swiss"]
[EventRounds "5"]
[EventCountry "CAN"]
[SourceTitle "EXT 2022"]
[Source "ChessBase"]
[SourceDate "2021.10.06"]
[SourceVersion "1"]
[SourceVersionDate "2021.10.06"]
[SourceQuality "1"]

1. d4 Nf6 2. c4 g6 3. Nc3 d5 4. Nf3 Bg7 5. Bg5 Ne4 6. cxd5 Nxc3 7. bxc3 Qxd5 8. e3 Bg4 9. Be2 Nd7 10. Bf4 Qa5 11. Qb3 O-O 12. h3 Be6 13. Qb4 Qxb4 14. cxb4 c6 15. O-O Nb6 16. e4 Bc4 17. Bxc4 Nxc4 18. a4 Rfd8 19. Rfd1 Nb2 20. Rd2 Nc4 21. Rc2 Bxd4 22. Rd1 Bxf2+ 23. Kxf2 Rxd1 24. Rxc4 Rad8 25. Be3 a6 26. Bc5 e6 27. Be7 R8d3 28. Bf6 h6 29. b5 axb5 30. axb5 g5 31. bxc6 bxc6 32. Rxc6 Kh7 33. Ke2 Rd6 34. Rc8 Kg6 35. e5 R6d5 36. g4 h5 37. Rg8+ Kh7 38. Rh8+ Kg6 39. Rxh5 Rb1 40. Rxg5+ Kh7 41. Rh5+ 1-0

[Event "British Columbia-ch U20"]
[Site "Richmond CAN"]
[Date "2017.11.11"]
[Round "1.2"]
[White "Van, Anna"]
[Black "Doknjas, Joshua"]
[Result "0-1"]
[WhiteElo "1667"]
[BlackElo "2259"]
[WhiteFideId "-1"]
[WhiteFideId "-1"]
[PlyCount "64"]
[GameId "2160767739772071"]
[EventDate "2017.11.11"]
[EventType "swiss"]
[EventRounds "5"]
[EventCountry "CAN"]
[SourceTitle "EXT 2022"]
[Source "ChessBase"]
[SourceDate "2021.10.06"]
[SourceVersion "1"]
[SourceVersionDate "2021.10.06"]
[SourceQuality "1"]

1. e4 c5 2. Nc3 a6 3. f4 b5 4. Nf3 Bb7 5. d3 e6 6. g3 d5 7. exd5 exd5 8. Bg2 Nf6 9. O-O Be7 10. Bd2 O-O 11. Rc1 Qb6 12. Kh1 Bd6 13. Be1 Ng4 14. Qd2 Re8 15. Nd1 Nd7 16. h3 Ngf6 17. Bf2 Bc6 18. Ne3 Qb7 19. Bg1 Nh5 20. Bh2 g6 21. Rce1 f5 22. Ng5 Nhf6 23. Nd1 h6 24. Nf3 Kg7 25. Qc3 d4 26. Qd2 Rxe1 27. Qxe1 Re8 28. Qf2 Nd5 29. c3 Ne3 30. Nxe3 Rxe3 31. cxd4 Rxd3 32. Qe2 c4 {Time.} 0-1